Shrimad Rajchandraji's Atmasiddhi shastra : (Record no. 39615)
[ view plain ]
| 000 -LEADER | |
|---|---|
| fixed length control field | 02234cam a2200241 i 4500 |
| 020 ## - INTERNATIONAL STANDARD BOOK NUMBER | |
| ISBN | 9789354894039 |
| 020 ## - INTERNATIONAL STANDARD BOOK NUMBER | |
| ISBN | 9354894038 |
| 041 1# - LANGUAGE CODE | |
| Language code of text/sound track or separate title | eng |
| -- | guj |
| 082 04 - DEWEY DECIMAL CLASSIFICATION NUMBER | |
| Classification number | 294.4 |
| Item number | MAH-S |
| 100 1# - MAIN ENTRY--AUTHOR NAME | |
| Personal name | Mahetā, Rāyacandabhāī Ravajībhāī, |
| Relator term | author. |
| 245 10 - TITLE STATEMENT | |
| Title | Shrimad Rajchandraji's Atmasiddhi shastra : |
| Sub Title | six spiritual truths of the soul / |
| Statement of responsibility, etc | concise & complete commentary by Pujya Gurudevshri Rakeshji. |
| 246 30 - VARYING FORM OF TITLE | |
| Title proper/short title | Atmasiddhi shastra |
| 260 ## - PUBLICATION, DISTRIBUTION, ETC. (IMPRINT) | |
| Place of publication | Noida : |
| Name of publisher | HarperCollins Publishers, |
| Year of publication | 2021. |
| 300 ## - PHYSICAL DESCRIPTION | |
| Number of Pages | xlvii, 518p. |
| Other physical details | color illustrations ; |
| 520 ## - SUMMARY, ETC. | |
| Summary, etc | This profound spiritual poetic composition is renowned by its glorious name 'Atmasiddhi Shastra'. 'Atma' means soul and 'Siddhi' means establishment or accomplishment. In this composition, Shrimadji has established the truth of the soul by describing the six fundamentals through pure strength of logic and reasoning. Upon contemplating and internalising it, the true seeker is certain to attain self-realisation. Hence the word, 'Atmasiddhi'. In the past hundreds of years, several texts with the word 'siddhi' have been written, in Jain and non-Jain traditions, to establish their viewpoints and opinions. Sarvarthsiddhi, Anekantsiddhi, Siddhivinishchay, Sarvajnasiddhi, etc., have been written in the Jain tradition, whereas Brahmasiddhi, Advaitsiddhi, etc., are well-known Vedant texts.<br/><br/>This composition has been given the status of a shastra -scripture. In Sanskrit, the word 'shastra' is derived as Shasanat Shastram - that which disciplines is called a shastra. It either inspires one to engage in a pursuit or it directs one to refrain from doing something. This supremely beneficial composition provides guidance, inspiration and impetus for spiritual progress. It propounds and encourages one to tread the sacred path of liberation. Hence, it is rightly called shastra. Thus, the title 'Atmasiddhi Shastra' is perfectly apt. |
| 546 ## - LANGUAGE NOTE | |
| Language note | In English and Gujarati |
| 650 #0 - SUBJECT ADDED ENTRY--TOPICAL TERM | |
| Topical Term | Self-realization |
| General subdivision | Religious aspects |
| -- | Jainism. |
| 650 #0 - SUBJECT ADDED ENTRY--TOPICAL TERM | |
| Topical Term | Jainism |
| General subdivision | Doctrines. |
| 650 #7 - SUBJECT ADDED ENTRY--TOPICAL TERM | |
| Topical Term | Jainism |
| General subdivision | Doctrines. |
| 650 #7 - SUBJECT ADDED ENTRY--TOPICAL TERM | |
| Topical Term | Self-realization |
| General subdivision | Religious aspects |
| -- | Jainism. |
| 700 1# - ADDED ENTRY--PERSONAL NAME | |
| Personal name | Jhaverī, Rākeśabhāī, |
| Relator term | writer of added commentary, |
| -- | translator. |
| 942 ## - ADDED ENTRY ELEMENTS (KOHA) | |
| Source of classification or shelving scheme | Dewey Decimal Classification |
| Koha item type | Books |
| Withdrawn status | Lost status | Damaged status | Not for loan | Home library | Current library | Date acquired | Source of acquisition | Cost, normal purchase price | Bill Date | Full call number | Accession Number | Cost, replacement price | Price effective from | Koha item type |
|---|---|---|---|---|---|---|---|---|---|---|---|---|---|---|
| NASSDOC Library | NASSDOC Library | 26/03/2024 | Gratis | 0.00 | NA | 294.4 MEH-S | 54691 | 500.00 | 26/03/2024 | Books |
